Feedback control of dynamic systems /

Guardado en:
Autor Principal: Franklin, Gene F.
Otros Autores: Powell, J. David, 1938-, Emami-Naeini, Abbas.
Formato: Libro
Idioma:English
Publicado: Reading, Mass. : Addison-Wesley, c1994.
Edición:3rd ed.
Series:Addison-Wesley series in electrical and computer engineering. Control engineering
Materias:
Etiquetas: Agregar Etiqueta
Sin Etiquetas, Sea el primero en etiquetar este registro!
LEADER 00886cam a2200241 a 4500
001 MAT.inmabb004245
008 930302s1994####maua#####b####001#0#eng##
005 20170601141743.0
245 1 0 |a Feedback control of dynamic systems /  |c Gene F. Franklin, J. David Powell, Abbas Emami-Naeini. 
250 |a 3rd ed. 
260 |a Reading, Mass. :  |b Addison-Wesley,  |c c1994. 
300 |a xx, 778 p. :  |b il. (algunas col.) ;  |c 25 cm. 
440 0 |a Addison-Wesley series in electrical and computer engineering.  |p Control engineering 
504 |a Incluye referencias bibliográficas (p. 767-771) e índice. 
020 |a 0201527472 
100 1 |a Franklin, Gene F. 
700 1 |a Powell, J. David,  |d 1938- 
700 1 |a Emami-Naeini, Abbas. 
084 |a 93-XX  |2 msc2000 
650 0 |a Feedback control systems. 
010 |a  93003414  
040 |a DLC  |c DLC  |d DLC 
859 |h 93  |i F831-3  |p A-7281  |b BIB. MATEMATICA